[Event "Regionalliga NW 0405"]
[Site "Bayern"]
[Date "2005.02.13"]
[Round "7.8"]
[White "Foerster, Michael"]
[Black "Wuest, Michael"]
[Result "1-0"]
[WhiteElo "1814"]
[BlackElo "1964"]
[PlyCount "91"]
[EventDate "2004.10.24"]
[EventType "team-tourn"]
[EventRounds "9"]
[EventCountry "GER"]
[SourceTitle "EXT 2007"]
[Source "ChessBase"]
[SourceDate "2006.11.23"]
[SourceVersion "1"]
[SourceVersionDate "2006.11.23"]
[SourceQuality "1"]
[WhiteTeam "Schweinfurt"]
[BlackTeam "Hof"]
[WhiteTeamCountry "GER"]
[BlackTeamCountry "GER"]

1. e4 c5 2. Nf3 e6 3. d4 cxd4 4. Nxd4 a6 5. Nc3 b5 6. f4 Qb6 7. a4 Bc5 8. a5 Qb7 9. Nb3 Ba7 10. Bd3 Nf6 11. Qf3 d6 12. g4 b4 13. Ne2 Nc6 14. Bd2 0-0 15. g5 Nd7 16. h4 e5 17. f5 Nc5 18. Bc4 Nxb3 19. Bxb3 Qc7 20. g6 Nxa5 21. Qh5 h6 22. Bxf7+ Rxf7 23. gxf7+ Kf8 24. Bxh6 Qxf7 25. Qxf7+ Kxf7 26. Bxg7 Nc4 27. f6 Bb7 28. Ng3 Ne3 29. Kd2 Rc8 30. c3 d5 31. Nf5 Nxf5 32. exf5 d4 33. Rh3 dxc3+ 34. bxc3 bxc3+ 35. Kc1 c2 36. Ra2 Be4 37. Rxa6 Bd4 38. Ra2 Bxf5 39. Rg3 Bf2 40. Rf3 Rf8 41. Rxf5 Be3+ 42. Kxc2 e4 43. Re5 Rc8+ 44. Kd1 Rc4 45. h5 Bc5 46. Rd2 1-0

[Event "Regionalliga NW 0405"]
[Site "Bayern"]
[Date "2005.01.30"]
[Round "6.8"]
[White "Foerster, Michael"]
[Black "Stumpf, Hilmar"]
[Result "0-1"]
[WhiteElo "1814"]
[BlackElo "1885"]
[PlyCount "120"]
[EventDate "2004.10.24"]
[EventType "team-tourn"]
[EventRounds "9"]
[EventCountry "GER"]
[SourceTitle "EXT 2007"]
[Source "ChessBase"]
[SourceDate "2006.11.23"]
[SourceVersion "1"]
[SourceVersionDate "2006.11.23"]
[SourceQuality "1"]
[WhiteTeam "Schweinfurt"]
[BlackTeam "Nordhalben"]
[WhiteTeamCountry "GER"]
[BlackTeamCountry "GER"]

1. e4 g6 2. d4 Bg7 3. Be3 d6 4. Nc3 Nd7 5. Bc4 c6 6. f4 Ndf6 7. Nf3 d5 8. exd5 Nxd5 9. Nxd5 cxd5 10. Bd3 Nf6 11. 0-0 0-0 12. Ne5 Bf5 13. Qe2 a6 14. c4 dxc4 15. Bxc4 Nd5 16. Rac1 Be6 17. Rfd1 Rc8 18. Bb3 Rxc1 19. Rxc1 Nxf4 20. Qf3 Bxb3 21. axb3 Nd5 22. Bf2 e6 23. Qg3 Bh6 24. Rc5 Bg7 25. Nc4 Qd7 26. Ne5 Qe7 27. Nc4 Rd8 28. b4 h5 29. b5 axb5 30. Rxb5 Ra8 31. Na3 Rc8 32. Rc5 Rxc5 33. dxc5 Bxb2 34. Nb5 Qd7 35. Nd6 Nf6 36. Qb3 Be5 37. Qxb7 Bxd6 38. Qxd7 Nxd7 39. cxd6 Kg7 40. Be1 Kf6 41. Kf2 e5 42. Kf3 Ke6 43. Bb4 Nb6 44. Ke4 f6 45. g3 Nc8 46. d7 Kxd7 47. Bf8 Ke6 48. Bg7 Nd6+ 49. Kf3 Kf7 50. Bh6 g5 51. h4 g4+ 52. Kf2 Nf5 53. Bd2 Ke6 54. Ba5 Nd6 55. Bd8 f5 56. Bc7 f4 57. gxf4 exf4 58. Kg2 f3+ 59. Kf2 Nf5 60. Bd8 Kd5 0-1

[Event "Regionalliga NW 0304"]
[Site "Bayern"]
[Date "2004.03.07"]
[Round "7.8"]
[White "Gies, Hans Joerg"]
[Black "Foerster, Michael"]
[Result "1-0"]
[WhiteElo "1777"]
[BlackElo "1676"]
[PlyCount "51"]
[EventDate "2003.10.12"]
[EventType "team-tourn"]
[EventRounds "9"]
[EventCountry "GER"]
[SourceTitle "EXT 2006"]
[Source "ChessBase"]
[SourceDate "2005.11.24"]
[SourceVersion "1"]
[SourceVersionDate "2005.11.24"]
[SourceQuality "1"]
[WhiteTeam "Klingenberg"]
[BlackTeam "Schweinfurt"]
[WhiteTeamCountry "GER"]
[BlackTeamCountry "GER"]

1. c4 e5 2. g3 g6 3. Bg2 Bg7 4. Nc3 Nf6 5. e3 0-0 6. Nge2 d6 7. 0-0 Nbd7 8. d4 Qe7 9. b3 c6 10. a4 a5 11. Bb2 Ne8 12. Qc2 f5 13. dxe5 Nxe5 14. Rad1 Be6 15. Rd2 g5 16. Nd4 h5 17. Nxe6 Qxe6 18. Ne2 Nf6 19. Nd4 Qe8 20. Nxf5 Nfg4 21. h3 Qe6 22. hxg4 hxg4 23. Nxg7 Qh6 24. Bxe5 Rf3 25. Rxd6 Qh8 26. Qg6 1-0